Normal view
MARC view
- Hunten, Donald M
Entry Personal Name
001 - CONTROL NUMBER
- control field: 113770
003 - CONTROL NUMBER IDENTIFIER
- control field: NUST
005 - DATE AND TIME OF LATEST TRANSACTION
- control field: 20230721094601.0
008 - FIXED-LENGTH DATA ELEMENTS
- fixed length control field: 230721|| aca||aabn | a|a d
040 ## - CATALOGING SOURCE
- Original cataloging agency: NUST
- Transcribing agency: NUST
100 ## - HEADING--PERSONAL NAME
- Personal name: Hunten, Donald M
670 ## - SOURCE DATA FOUND
- Source citation: Work cat.: (NUST)181352: Hunten, Donald M., Introduction to electronics for students of Physics and engineering science / , 1964
